| 000 | 00362nam a22001217a 4500 | ||
|---|---|---|---|
| 005 | 20220323135103.0 | ||
| 008 | 201208b ||||| |||| 00| 0 eng d | ||
| 020 | _a9780131579453 | ||
| 040 | _cCML | ||
| 245 |
_aDatabase Processing. _cKroenke D.M. |
||
| 260 |
_aNew Jersey _bPearson Education _c1998 |
||
| 942 |
_2ddc _cBK _e1st Edition _h005 _kR005 _mKRO |
||
| 999 |
_c3563 _d3563 |
||